Derecho administrativo. Tomo II

Detalles Bibliográficos
Autor principal: Cassagne, Juan Carlos
Formato: eBook
Lenguaje:español
Publicado: Lima : Palestra Editores, 2010
Materias:
Acceso en línea:Acceso restringido

MARC

LEADER 00000nam a22000007a 4500
005 20120423130251.0
007 cr|||| ||||
008 120423s2010 pe |||||s|||| 00||0 spa d
020 |a 978-612-4047-24-4 
035 |a 6429 
040 |a vLex 
090 |c 3136  |d 3136 
100 1 |a Cassagne, Juan Carlos 
245 1 0 |a Derecho administrativo.  |n Tomo II  |h [Recurso electrn̤ico] /  |c Juan Carlos Cassagne 
256 |a Servicio en ln̕ea 
260 |a Lima :  |b Palestra Editores,  |c 2010 
300 |a 1 recurso electrn̤ico 
506 1 |a Contenido solo disponible en los productos indicados  |d vLex Global   |d vLex Global (Academic Edition, excluding Law Schools)   |d vLex Global (U.S. Academic Edition, Law Schools)   |d vLex Global (U.S. Academic Edition, excluding Law Schools)   |d vLex Global (Academic Edition, Law Schools)  
650 0 4 |a Derecho administrativo  |z Colombia 
740 0 |a vLex Libros (Servicio en ln̕ea) 
856 4 0 |u http://vlex.com/source/derecho-administrativo-tomo-ii-6429  |z Acceso restringido 
942 |c BOOK 
999 0 |a Administrative law